| 000 | 01984nam0a2200373 4500 | ||
|---|---|---|---|
| 001 | RU\NLR\bibl\1193914 | ||
| 005 | 20260406005841.0 | ||
| 010 |
_a978-5-7695-4258-9 _92500 |
||
| 021 |
_aRU _b2007-94182 _95085 |
||
| 035 | _a(NLR Aleph) 001180446 | ||
| 090 |
_a1653982 _c1653982 |
||
| 100 | _a20080228d2008 |||y0rusy50 ca | ||
| 101 | 0 | _arus | |
| 102 | _aRU | ||
| 105 | _aa ||||||||| | ||
| 200 | 1 |
_aПсихологический практикум _eучебное пособие для студентов высших учебных заведений, обучающихся по специальностям "Сервис", "Социально-культурный сервис и туризм", "Домоведение" _fД.М. Рамендик, О.В. Одинцова |
|
| 210 |
_aМосква _cАкадемия _d2008 [т.е. 2007] |
||
| 215 |
_a191, [1] с. _cил., портр. _d22 |
||
| 225 | 1 |
_aВысшее профессиональное образование _iСоциально-культурный сервис и туризм |
|
| 225 | 1 | _aУчебное пособие | |
| 300 | _aНа 4-й с. обл. авт.: Рамендик Д.М., к.психол.н., Одинцова О.В., к.психол.н., доц. | ||
| 300 | _aКн. фактически изд. в 2007 г. | ||
| 320 | _aБиблиогр.: с. 189-190 и в подстроч. прим. | ||
| 606 | 1 |
_aОбщение деловое _jУчебные издания для высших учебных заведений _xПсиходиагностика _92501108 _3RU\NLR\auth\661483403 |
|
| 686 | _aС550.422.1я73 | ||
| 686 | _aЮ93в6я73 | ||
| 700 | 1 |
_4070 _8rus _7ca _aРамендик _bД. М. _gДина Михайловна _3RU\NLR\auth\77115337 _998262 |
|
| 701 | 1 |
_aОдинцова _bО. В. _gОльга Витальевна _4070 |
|
| 801 | 0 |
_aRU _bNLR _c20080228 _gRCR |
|
| 801 | 1 |
_aRU _bNLR _c20080228 |
|
| 830 | _aАвт. по кн | ||
| 942 | _cBOOK | ||
| 980 | _aNB | ||